000 00361nam a22001577a 4500
003 MPLRDC
005 20220104123849.0
008 210129b ||||| |||| 00| 0 eng d
082 _a494.8 LG
100 _a不详
245 _a时间管理
_c
260 _a
_b雷鼓出版社
_c1995
300 _b
650 _a管理资讯系统
942 _cBK
_o494.8 LG
999 _c14786
_d14776